Animales de España Parte 1 - Estadísticas

Estadísticas generales
  • Esta prueba ha sido intentada 254 veces
  • La puntuación promedio es 12 de 17
Estadísticas de respuestas
Imagen Respuesta % Correcto
Oso Pardo
100%
Zorro Rojo
97%
Alacrán
94%
Cigueña Blanca
94%
Cigueña Negra
94%
Sapo Común
94%
Camaleón
89%
Liebre
85%
Halcón Peregrino
75%
Buitre Negro
71%
Gato Montés
62%
Corzo
57%
Martín Pescador
42%
Garza Real
41%
Marta
35%
Abubilla
31%
Gineta
30%
No se encontraron pruebas coincidentes
Distribución de puntuación
Porcentaje de gente con cada puntuación
Porcentaje por número respondido
Historial de tus puntuaciones
No has intentado esta prueba.